Gaming Quiz

Random Gaming Quiz
Score 0/100 Timer 10:00
0 Plays Today
% Correct
Cloud
93%
Tifa
90.1%
Barret
87.3%
Cid
85.9%
Cid Fabool
85.9%
Aerith
81.7%
Squall
81.7%
Yuffie
78.9%
Yuna
77.5%
Terra
76.1%
Red XIII
76.1%
Vincent
76.1%
Wakka
76.1%
Tidus
74.6%
Zidane
71.8%
Rikku
71.8%
Lulu
70.4%
Cait Sith
69%
Auron
69%
Cecil Harvey
67.6%
Locke Cole
67.6%
Garnet
67.6%
Black Mage
66.2%
White Mage
66.2%
Rinoa
64.8%
Selphie
64.8%
Zell
64.8%
Vaan
64.8%
Vivi
63.4%
Sephiroth
62%
Red Mage
60.6%
Adelbert Steiner
60.6%
Bartz
59.2%
Edgar
59.2%
% Correct
Quistis
59.2%
Celes
57.7%
Mog
57.7%
Kain Highwind
56.3%
Rosa
56.3%
Cid Highwind
54.9%
Irvine
54.9%
Fighter
53.5%
Cyan Garamonde
53.5%
Sabin
53.5%
General Leo
53.5%
Firion
52.1%
Rydia
52.1%
Shadow
52.1%
Quina
52.1%
Eiko
52.1%
Amarant
52.1%
Penelo
52.1%
Porom
49.3%
Palom
49.3%
Strago
49.3%
Gogo
49.3%
Umaro
49.3%
Fran
49.3%
Setzer
47.9%
Relm
47.9%
Seifer
47.9%
Ashe
47.9%
Leon
46.5%
Edward
46.5%
Tellah
46.5%
Gau
46.5%
Laguna
46.5%
Edea
46.5%
% Correct
Maria
45.1%
Guy
43.7%
Edge
43.7%
Basch
42.3%
Galuf
39.4%
Faris
38%
FuSoYa
36.6%
Beatrix
36.6%
Blank
36.6%
Biggs
35.2%
Lenna
33.8%
Wedge
33.8%
Ward
33.8%
Black Belt
32.4%
Onion Knight
31%
Krile
31%
Seymour
31%
Minwu
28.2%
Ricard Highwind
26.8%
Marcus
26.8%
Kimhari
25.4%
Josef
23.9%
Cinna
23.9%
Baltheir
23.9%
Leila
22.5%
Gordon
21.1%
Larsa
19.7%
Bannon
18.3%
Reddas
15.5%
Reks
14.1%
Reks
14.1%
Vossler
12.7%

You're not logged in!

Compare scores with friends on all Sporcle quizzes.
OR
Log In

Sporcle TV

Today on Sporcle TV


Watch our educational content, quiz creation guides, and fun videos on Sporcle TV.

Show Comments

Extras

Created Oct 11, 2009ReportNominate
Tags:Party

Top Quizzes Today


Score Distribution

Paid Content

Your Account Isn't Verified!

In order to create a playlist on Sporcle, you need to verify the email address you used during registration. Go to your Sporcle Settings to finish the process.

Report this User

Report this user for behavior that violates our Community Guidelines.

Details: